Most expensive football transfers - Centre-Backs - 2018-2019 Season - Statistics

General Stats
  • This quiz has been taken 19 times
  • The average score is 7 of 11
Answer Stats
Fee (M €) Nationality Left Joined Player % Correct
30,25 Colombia Barcelona Everton Yerry Mina
100%
35,00 Italy AC Milan Juventus Leonardo Bonucci
88%
37,00 Germany FC Schalek 04 Paris SG Thilo Kehrer
82%
21,10 Türkiye SC Freiburg Leicester Çağlar Söyüncü
76%
35,90 France Sevilla FC Barcelona Clément Lenglet
76%
20,00 Belgium TJ Tianhai Borussia Dortmund Axel Witsel
71%
28,00 France / Senegal 1.FSV Mainz 05 Borussia Dortmund Abdou Diallo
53%
25,00 Denmark Bor. M'gladbach Southampton Jannik Vestergaard
53%
25,00 France Toulouse West Ham Issa Diop
35%
37,74 Italy Juventus AC Milan Mattia Caldara
35%
20,00 Netherlands Monaco Huddersfield Terence Kongolo
12%
No matching quizzes found
Score Distribution
Percent of People with Each Score
Percentile by Number Answered
Your Score History
You have not taken this quiz